<The> Franchise boom how you can profit in it

Saved in:
Bibliographic Details
Main Author: Kursh, Harry
Format: Book
Language:English
Published: Englewood Cliffs Prentice-Hall, Inc. 1962
Subjects:
Tags: Add Tag
No Tags, Be the first to tag this record!

MARC

LEADER 00000nam a2200000 4500
001 c101232
005 20221123135319.7
041 0 |a eng 
044 |a US 
245 1 0 |a <The> Franchise boom  |b how you can profit in it  |c Harry Kursh 
264 1 |a Englewood Cliffs  |b Prentice-Hall, Inc.  |c 1962 
300 |a 273 s. 
610 2 0 |a franchising 
610 2 0 |a franšíza 
610 2 0 |a investície 
610 2 0 |a investovanie 
610 2 0 |a spoločnosti 
610 2 0 |a poradcovia 
610 2 0 |a experti 
610 2 0 |a obchod 
100 1 |a Kursh, Harry